书目信息 |
| 题名: |
达尔文
|
|
| 作者: | 张秉伦 , 郑土生 著 | |
| 分册: | ||
| 出版信息: | 北京 中国青年出版社 1982 |
|
| 页数: | 296页 | |
| 开本: | 19cm | |
| 丛书名: | ||
| 单 册: | ||
| 中图分类: | K835.616.1 | |
| 科图分类: | ||
| 主题词: | 历史 , 地理 | |
| 电子资源: | ||
| ISBN: | ||
| 000 | 00702nam0 2200265 45 | |
| 001 | 0182000811 | |
| 005 | 20040512110409.5 | |
| 010 | @dCNY0.98 | |
| 091 | @a11009.113 | |
| 100 | @a19950517d1982 em y0chiy0121 ea | |
| 101 | 0 | @achi |
| 102 | @aCN@b110000 | |
| 105 | @af z 000yb | |
| 106 | @ar | |
| 200 | 10 | @a达尔文@Ada er wen@f张秉伦,郑土生著 |
| 210 | @a北京@c中国青年出版社@d1982 | |
| 215 | @a296页@c照片@d19cm | |
| 606 | 0 | @a历史 |
| 606 | 0 | @a地理 |
| 690 | @aK835.616.1 | |
| 701 | 0 | @a张秉伦@Azhang bing lun@4著 |
| 701 | 0 | @a郑土生@Azheng tu tu sheng@4著 |
| 801 | 0 | @aCN@b上海图书馆@c20040512 |
| 801 | 2 | @aCN@bNLC@c20040512 |
| 905 | @f2@b122845-846@dK835.616.1@e106:ZB@b160530-532@f3 | |
| 达尔文/张秉伦,郑土生著.-北京:中国青年出版社,1982 |
| 296页:照片;19cm |
| ISBN :CNY0.98 |
| ● |
| 相关链接 |
|
|
|
|
正题名:达尔文
索取号:K835.616.1/106:ZB
 
预约/预借
| 序号 | 登录号 | 条形码 | 馆藏地/架位号 | 状态 | 备注 |
| 1 | 0122845 | 001582326 | 密集书库/ [索取号:K835.616.1/106:ZB] | 在馆 | |
| 2 | 0122846 | 001473499 | 密集书库/ [索取号:K835.616.1/106:ZB] | 在馆 | |
| 3 | 0122847 | 001540274 | 第二样本阅览室/ [索取号:K835.616.1/106:ZB] | 在馆 | |
| 4 | 0160530 | 001540283 | 密集书库/ [索取号:K835.616.1/106:ZB] | 在馆 | |
| 5 | 0160531 | 001472757 | 密集书库/ [索取号:K835.616.1/106:ZB] | 在馆 | |
| 6 | 0160532 | 001540210 | 第二借阅区/ [索取号:K835.616.1/106:ZB] | 在馆 |